| 000 | 01035nam a2200337 c 4500 | ||
|---|---|---|---|
| 001 | 17433 | ||
| 003 | ES-MaCES | ||
| 005 | 20190513133724.0 | ||
| 008 | 050412s2004 gw d t i000 | spa d | ||
| 017 |
_aM 3025-2005 _bDL |
||
| 020 | _a9291815241 (ed. electrónica) | ||
| 035 | _aCES20050003104m | ||
| 040 |
_aES-MaCES _bspa _cES-MaCES |
||
| 245 | 0 | 3 |
_aLa política monetaria del BCE, 2004 _cBanco Central Europeo |
| 260 |
_aFránkfurt am Main _bBCE _c[2005] |
||
| 300 |
_a132 p. _bgráf. col. _c26 cm |
||
| 500 | _aÍndices | ||
| 504 | _aBibliografía: p. 125-129 | ||
| 541 | _cGratuito | ||
| 650 | 4 |
_apolítica monetaria _928101 |
|
| 650 | 4 |
_aBanco Central Europeo _931305 |
|
| 650 | 4 |
_asistema monetario europeo _930769 |
|
| 650 | 4 |
_aUEM _930760 |
|
| 650 | 4 |
_a2004 _931739 |
|
| 653 | 1 | 0 | _aFinanciación |
| 710 | 2 |
_aBanco Central Europeo _91583 |
|
| 787 | 0 |
_tLa política monetaria del BCE, 2001 _w(ES-MaCES)13768 |
|
| 902 | _aLIB Libro | ||
| 942 |
_2CES _cBK _h0.0. |
||
| 999 |
_c17433 _d17433 |
||